Report of Alaska investigations in 1914.

Bibliographic Details
Corporate Author: United States. Bureau of Fisheries
Other Authors: Jones, E. Lester
Format: Government Document eBook
Language:English
Published: [Washington?] : U.S. Government Printing Office, 1914.
Subjects:
Online Access:Connect to the full text of this electronic document

MARC

Tag First Indicator Second Indicator Subfields
LEADER 00000cam a22000001a 4500
001 in00003704875
005 20190408180721.0
006 m o d f
007 cr bn mmmapmmp
008 040322s1914 dcu o f000 0 eng d
035 |a ebd1910213352 
040 |a UMI  |c UMI  |d UtOrBLW 
086 0 |a C 6.2:Al 1/13 
099 |a C6.2-30 
245 0 0 |a Report of Alaska investigations in 1914. 
264 1 |a [Washington?] :  |b U.S. Government Printing Office,  |c 1914. 
300 |a 1 online resource (155 pages) 
336 |a text  |b txt  |2 rdacontent 
337 |a computer  |b c  |2 rdamedia 
338 |a online resource  |b cr  |2 rdacarrier 
500 |a [On Alaska fishery and fur industries, Alaska Natives, and Pribilof Islands conditions] 
500 |a Record is based on bibliographic data in ProQuest U.S. Executive Branch Documents, 1910-1932. Reuse except for individual research requires license from ProQuest, LLC. 
533 |a Electronic reproduction.  |b [Bethesda, Md.] :  |c ProQuest,  |d 2012.  |e digital, PDF file.  |n ProQuest U.S. Executive Branch Documents, 1910-1932.  |n Mode of access: World Wide Web via ProQuest website. 
538 |a System requirements: PDF reader software. 
500 |a Electronic resource. 
650 0 |a Fisheries.  |0 http://id.loc.gov/authorities/subjects/sh85048666 
655 7 |a Electronic books.  |2 local 
700 1 |a Jones, E. Lester. 
710 1 |a United States.  |b Bureau of Fisheries.  |0 http://id.loc.gov/authorities/names/n79006434 
776 1 8 |i Microfiche version:  |t Report of Alaska investigations in 1914  |o CIS US Exec MF C6.2-30  |w (ProQuest)cis19120534 
856 4 0 |u http://proxy.library.tamu.edu/login?url=http://congressional.proquest.com/congressional/docview/t66.d71.c6.2-30  |z Connect to the full text of this electronic document  |t 0 
999 f f |s 2bc2c421-0eac-3d96-8832-06ac02008247  |i a86ec275-7df6-31d1-b661-555422c0ccb3  |t 0 
952 f f |a Texas A&M University  |b College Station  |c Electronic Resources  |d Available Online  |t 0  |h No information provided 
998 f f |t 0  |l Available Online